000 00647nam a22001937a 4500
005 20170811111926.0
008 170811b xxu||||| |||| 00| 0 eng d
020 _a9788184820331
_c150.00
035 _aB-664769
037 _adpl
_bStar/ven
040 _adpl
_bEN
082 _aS
245 _aGreat Sanskrit plays /
_cedited by Anand Pai
260 _aMumbai
_bAmar Chitra Katha
_c2013
300 _aVarious pagings
_c26cm(pbk)
700 _aPai, Anand
942 _2ddc
_cCH
_hS
_mGRE
999 _c143263
_d143263